Rozvíjející se kvalitativní přístupy ke zkoumání edukační reality
Analýza cieľov a doterajších výsledkov projektu, ktorý je zameraný na pedagogické vedy a empirické skúmanie za pomoci kvalitatívneho výskumu. Cieľ projektu. Skúmané témy: riaditelia českých základných škôl, participácia žiakov na školskom živote, rodinná socializácia detského televízneho sledovania,...
Uložené v:
| Hlavný autor: | |
|---|---|
| Médium: | Kapitola |
| Jazyk: | Czech |
| Predmet: | |
| Tagy: |
Žiadne tagy, Buďte prvý, kto otaguje tento záznam!
|
MARC
| LEADER | 00000naa$a2200000$$$4500 | ||
|---|---|---|---|
| 001 | 0054899 | ||
| 005 | 20230919104549.5 | ||
| 041 | 0 | |a cze | |
| 044 | |a CZ | ||
| 245 | 1 | 0 | |a Rozvíjející se kvalitativní přístupy ke zkoumání edukační reality |c Roman Švaříček |
| 520 | |a Analýza cieľov a doterajších výsledkov projektu, ktorý je zameraný na pedagogické vedy a empirické skúmanie za pomoci kvalitatívneho výskumu. Cieľ projektu. Skúmané témy: riaditelia českých základných škôl, participácia žiakov na školskom živote, rodinná socializácia detského televízneho sledovania, profesijný a osobnostný rozvoj učiteľa experta. | ||
| 610 | 2 | 0 | |a výskum |
| 610 | 2 | 0 | |a školstvo |
| 610 | 2 | 0 | |a pedagogika |
| 610 | 2 | 0 | |a riaditelia |
| 610 | 2 | 0 | |a učitelia |
| 610 | 2 | 0 | |a Česko |
| 100 | 1 | |a Švaříček, Roman | |